000 01151nam a2200205Ii 4500
003 JO-AjNU
008 230605s9999||||xx |||||||||||||| ||und||
020 _a978-9953-78-303-1
040 _aJO-AjNU
_bara
_erda
_cJO-AjNU
041 _aara
050 1 4 _aCB53.D8712 2010
100 3 _aديورانت، ول وايريل؛ ترجمة فؤاد اندراوس؛ مراجعة علي ادهم,
_eauthor
_960436
245 0 0 _aقصة الحضارة: الاصلاح الديني بداية عصر العقل، ج27-28، مجلد6، الجزء السادس، المجلد السابع، الجزء الاول
264 3 1 _aبيروت،تونس: دار الجيل للنشر والطباعة والتوزيع،المنظمة العربية للتربية والثقافة والعلوم، 2010
300 _a ج 27-،28 مجلد6، الجزء السادس، المجلد السابع، الجزء الاول، ترقيم متعدد
_b ويحتوي على قائمة مراجع من 332ص- 339ص
336 _atext
_btxt
_2rdacontent
337 _aunmediated
_bn
_2rdamedia
338 _avolume
_bnc
_2rdacarrier
650 4 _aالحضارة-تاريخ
_960437
999 _aA27252
_c30820
_d30820